| 000 | 01119cab a2200289 4500 | ||
|---|---|---|---|
| 001 | ABS55227 | ||
| 008 | 090401t1996 xxu||||| |||| 00| 0 eng d | ||
| 035 | _a(Sirsi) u14954 | ||
| 041 | _aeng | ||
| 100 | _aNewell, G. | ||
| 245 | _aHow golden are Pacific Rim investment opportunities? | ||
| 260 | _c1996 | ||
| 350 | _a0 | ||
| 490 |
_aValuer and Land Economist _v34(2) May 1996, 161-163(3) |
||
| 520 | _aAssesses the risk associated with property investment in Australia, New Zealand, Canada and Hong Kong. Identifies the advantages and disadvantages of property as an investment option within a diversified investment portfolio and the impact of using valuation based property performance information on correctly assessing the risk. | ||
| 650 | _aAUSTRALIA | ||
| 650 | _aCANADA | ||
| 650 | _aHONG KONG | ||
| 650 | _aINVESTMENT PROPERTY | ||
| 650 | _aINVESTMENT STRATEGIES | ||
| 650 | _aNEW ZEALAND | ||
| 650 | _aPROPERTY INVESTMENT | ||
| 690 | _aPROPERTY-COMMERCIAL PROPERTY-COMMERCIAL PROPERTY FINANCE AND INVESTMENT | ||
| 690 | _aOVERSEAS-REST OF THE WORLD | ||
| 942 | _n0 | ||
| 948 | _c04/03/1997 | ||
| 999 |
_c9763 _d9763 |
||